000 00812nas a2200289 4500
001 BR2010005393
003 BR-BrBNA
005 20231205114803.0
007 ta
008 230509b bl.|||p| |||| 00| 00por d
040 _aBR-BrBNA
_bpor
_cBiblioteca Nacional de Agricultura
041 _a(Pt)
072 _aE71
100 1 _aSilva, R.F. da
100 1 _aFilho, J.V.C.
100 1 _aZucchi, J.D.
245 1 _aA logística da carne bovina; produtos desossados e refrigerados
650 _aCARNE
650 _aBOVINO
650 _aEXPORTAÇÃO
650 _aDESOSSA
650 _aREFRIGERAÇÃO
650 _aADMINISTRAÇÃO
773 0 _tAgroanalysis (Brazil)
_xISSN 0100-4298
_g(Oct 2010), v. 30(10) p. 36-37
_wBR2010005393
909 _a202311
_bLúcia
_c55
_dLúcia Elande
942 _2AGRIS
_n0
_cANA
999 _c210486
_d210486